000
00204 a2200097 4500
001
9596
100
_a
Jenkins, F
245
_a
Fundamentals of Optics
260
_a
_b
Mc Graw Hill
_c
090
_c
7636
_d
7636
942
_a
NUST-CAE
_c
M
_c
34307
999
_c
244669
_d
244669